Možnosti merania veľkosti verejného sektora bakalárska práca

Gespeichert in:
Bibliographische Detailangaben
1. Verfasser: Višňovcová, Ivana
Körperschaft: Národohospodárska fakulta EU. Katedra financií
Weitere Verfasser: Neubauerová, Erika, 1968-
Format: Buch
Sprache:Slowakisch
Veröffentlicht: Bratislava 2010
Tags: Tag hinzufügen
Keine Tags, Fügen Sie das erste Tag hinzu!

MARC

LEADER 00000nbm a2200000 4500
001 0133297
005 20161109111518.3
041 0 |a slo 
044 |a SK 
245 1 0 |a Možnosti merania veľkosti verejného sektora  |b bakalárska práca  |c Ivana Višňovcová ; školiteľ: Erika Neubauerová 
264 1 |a Bratislava  |c 2010 
300 |a 44 s. 
100 1 |a Višňovcová, Ivana 
700 1 |a Neubauerová, Erika, 1968- 
710 2 |a Národohospodárska fakulta EU. Katedra financií